Catálogo

OBJETIVOS DE LA EDUCACION (Registro nro. 60789)

Detalles MARC
000 -LEADER
fixed length control field 00589nam a2200205 a 4500
001 - CONTROL NUMBER
control field 60789
005 - DATE AND TIME OF LATEST TRANSACTION
control field 20180714062202.0
008 - FIXED-LENGTH DATA ELEMENTS--GENERAL INFORMATION
fixed length control field 140415s1981 000 0 spa d
041 ## - LANGUAGE CODE
Language code of text/sound track or separate title spa
082 ## - DEWEY DECIMAL CLASSIFICATION NUMBER
Classification number 371.1
Item number TRA
100 1# - MAIN ENTRY--PERSONAL NAME
Personal name LANDSHEERE, VIVIANE DE
245 10 - TITLE STATEMENT
Title OBJETIVOS DE LA EDUCACION
250 ## - EDITION STATEMENT
Edition statement 2a ed.
260 ## - PUBLICATION, DISTRIBUTION, ETC.
Place of publication, distribution, etc. [s.l.] :
Name of publisher, distributor, etc. OIKOS-TAU EDICIONES,
Date of publication, distribution, etc. 1981
300 ## - PHYSICAL DESCRIPTION
Extent 316
490 ## - SERIES STATEMENT
Series statement TRATADO DE FORMACION DE PROFESORES
Volume/sequential designation 6
650 14 - SUBJECT ADDED ENTRY--TOPICAL TERM
Topical term or geographic name entry element ENSEANZA OBJETIVA
700 1# - ADDED ENTRY--PERSONAL NAME
Personal name RODRIGUEZ MORENO, MARIA LUISA
Relator term pról.
700 1# - ADDED ENTRY--PERSONAL NAME
Personal name LANDSHEERE, GILBERT DE
Relator term coaut.
Existencias
Withdrawn status Lost status Source of classification or shelving scheme Damaged status Not for loan Collection code Home library Current library Shelving location Date acquired Source of acquisition Inventory number Total Checkouts Full call number Barcode Date last seen Price effective from Koha item type
    Dewey Decimal Classification     General Biblioteca Karol Wojtyla Biblioteca Karol Wojtyla Sala general 03/12/2013 Compra 151000000000000000043074   371.1 TRA 927 05/01/2026 03/12/2013 Libro